[Event "Macaubal Tsiloufas Memorial"]
[Site "Macaubal"]
[Date "2024.07.14"]
[Round "5"]
[White "Dias, Eduardo De Souza"]
[Black "Ramalho, Alexandre De Lima"]
[Result "1-0"]
[WhiteElo "1800"]
[BlackElo "1800"]
[PlyCount "57"]
[EventDate "2024.07.13"]
[EventType "swiss"]
[EventRounds "5"]
[EventCountry "BRA"]
[SourceTitle "CBM 221 Extra"]
[Source "ChessBase"]
[SourceDate "2024.09.30"]
[SourceVersion "1"]
[SourceVersionDate "2024.09.30"]
[SourceQuality "1"]

1. b4 d5 2. Bb2 Bf5 3. d3 Nc6 4. b5 Ne5 5. Bxe5 e6 6. Nd2 Qd7 7. e4 dxe4 8. dxe4 Bd6 9. Bxd6 Qxd6 10. exf5 Qb4 11. fxe6 0-0-0 12. Ngf3 Nf6 13. Be2 Qc5 14. 0-0 Rd5 15. c4 Rh5 16. Qb3 Rd8 17. a4 Rxd2 18. Nxd2 Qd6 19. Bxh5 Nxh5 20. Qh3 Nf4 21. Qxh7 Qxe6 22. Qh8+ Kd7 23. Rad1 c5 24. bxc6+ Kxc6 25. Nb3 Qxc4 26. Qc8+ Kb6 27. Rd6+ Qc6 28. Qd8+ Ka6 29. Qa5# 1-0

[Event "Macaubal Tsiloufas Memorial"]
[Site "Macaubal"]
[Date "2024.07.13"]
[Round "1"]
[White "Ramalho, Alexandre De Lima"]
[Black "Da Silva, Abraao Augusto"]
[Result "0-1"]
[WhiteElo "1800"]
[BlackElo "1757"]
[PlyCount "62"]
[EventDate "2024.07.13"]
[EventType "swiss"]
[EventRounds "5"]
[EventCountry "BRA"]
[SourceTitle "CBM 221 Extra"]
[Source "ChessBase"]
[SourceDate "2024.09.30"]
[SourceVersion "1"]
[SourceVersionDate "2024.09.30"]
[SourceQuality "1"]

1. d4 e6 2. Nc3 d5 3. Bf4 c6 4. e3 Nf6 5. Bd3 Bd6 6. Bxd6 Qxd6 7. Qf3 Nbd7 8. Nge2 0-0 9. Nf4 e5 10. Nh5 e4 11. Bxe4 Nxe4 12. Nxe4 dxe4 13. Qxe4 Qb4+ 14. Ke2 g6 15. Qg4 Qb5+ 16. c4 Qxh5 17. Qxh5 gxh5 18. c5 f5 19. g3 b6 20. b4 Ba6+ 21. Kf3 bxc5 22. bxc5 Rab8 23. Rhg1 Rb2 24. h4 Bc4 25. a3 Bd5+ 26. Kf4 Rxf2+ 27. Kg5 h6+ 28. Kxh6 Rf6+ 29. Kxh5 Bf7+ 30. Kg5 Rg6+ 31. Kh5 Nf6# 0-1